LIBRARY & INFORMATION CENTRE, KCAET, TAVANUR

ONLINE PUBLIC ACCESS CATALOGUE (OPAC)

Design and construction of small earth dams / (Record no. 1565)

MARC details
000 -LEADER
fixed length control field 00390cam a2200157ua 4500
003 - CONTROL NUMBER IDENTIFIER
control field OSt
008 - FIXED-LENGTH DATA ELEMENTS--GENERAL INFORMATION
fixed length control field 250823b |||||||| |||| 00| 0 eng d
041 ## - LANGUAGE CODE
Language code of text/sound track or separate title eng
082 ## - DEWEY DECIMAL CLASSIFICATION NUMBER
Classification number 627.83
Item number NEL/DE
100 ## - MAIN ENTRY--AUTHOR NAME
Personal name Nelson, K.D .
245 ## - TITLE STATEMENT
Title Design and construction of small earth dams /
250 ## - EDITION STATEMENT
Edition statement 1 /
260 ## - PUBLICATION, DISTRIBUTION, ETC. (IMPRINT)
Place of publication :
Name of publisher Scientific Publishers ,
Year of publication 1991.
300 ## - PHYSICAL DESCRIPTION
Number of Pages 116 ; .
942 ## - ADDED ENTRY ELEMENTS (KOHA)
Koha item type Books
Holdings
Withdrawn status Lost status Damaged status Home library Current library Date acquired Full call number Accession Number Koha item type
      KAUAET KAUAET 07/04/2012 627.83 NEL/DE 17862 Books
free website counter